000 00633nam a2200181Ia 4500
008 090124s9999 xx 000 0 und d
082 _b3206
100 _aकाणेकर अनंत
245 _a नवा महाराष्ट्र
250 _a1
260 _bनॅशनल इन्फर्मेशन अॅन्ड पब्लिकेशन लिमि.
_c1948
300 _a192
600 _aकाणेकर अनंत
630 _a नवा महाराष्ट्र
700 _aकाणेकर अनंत
730 _a नवा महाराष्ट्र
942 _cBOOK
999 _c82996
_d82996